[Event "Zalakarosi Sakkfesztivál open"]
[Site "Zalakaros"]
[Date "2018.05.27"]
[Round "3.34"]
[White "Bozinovic, Bogdan"]
[Black "Mitlasovszki, Imre"]
[Result "1/2-1/2"]
[WhiteElo "2176"]
[BlackElo "1925"]
[PlyCount "92"]
[EventDate "2018.05.25"]
[EventType "swiss"]
[EventRounds "9"]
[EventCountry "HUN"]

1. d4 d5 2. c4 e6 3. Nc3 Nf6 4. Nf3 c6 5. Bg5 Nbd7 6. e3 Qa5 7. Nd2 dxc4 8.
Bxf6 Nxf6 9. Nxc4 Qc7 10. Bd3 Be7 11. O-O O-O 12. Rc1 Rd8 13. Qe2 Bd7 14. a3 a5
15. h3 Be8 16. Ne5 Qb6 17. Rfd1 Rac8 18. Na4 Qa7 19. Qc2 g6 20. Qb3 Nd5 21. Bf1
Bf8 22. g3 Bd6 23. Nc5 Rc7 24. Ne4 Be7 25. Bg2 Rdc8 26. Rd2 Kg7 27. h4 Qb6 28.
Qd1 h5 29. Nc5 Qa7 30. Rdc2 Bf6 31. Ned3 b6 32. Ne4 Be7 33. Ne5 c5 34. dxc5
bxc5 35. Rd2 c4 36. Rd4 c3 37. Nxc3 Nxc3 38. Rxc3 Rxc3 39. bxc3 Rxc3 40. Rd3
Qc5 41. Nd7 Qxa3 42. Rxc3 Qxc3 43. Qa4 Qb4 44. Qa1+ f6 45. Bc6 Qd6 46. Qa4 Bd8
1/2-1/2

[Event "Zalakarosi Sakkfesztivál open"]
[Site "Zalakaros"]
[Date "2018.05.27"]
[Round "3.35"]
[White "Kertesz, Zsolt"]
[Black "Boguszlavszkij, Jevgenyij"]
[Result "0-1"]
[WhiteElo "1879"]
[BlackElo "2173"]
[PlyCount "92"]
[EventDate "2018.05.25"]
[EventType "swiss"]
[EventRounds "9"]
[EventCountry "HUN"]

1. d4 Nf6 2. Nf3 e6 3. e3 Be7 4. Bd3 O-O 5. O-O b6 6. c4 Bb7 7. Nc3 d5 8. b3
Ne4 9. Bb2 Nd7 10. Ne5 Nxe5 11. dxe5 Nxc3 12. Bxc3 dxc4 13. Bxc4 Qxd1 14. Rfxd1
Rfd8 15. Rac1 Ba3 16. Rb1 Be4 17. Rxd8+ Rxd8 18. Re1 a5 19. f3 Bb7 20. Be2 Bb4
21. Bxb4 axb4 22. Rd1 Rxd1+ 23. Bxd1 Kf8 24. Be2 Ke7 25. Kf2 Kd7 26. e4 Kc6 27.
Ke3 Kc5 28. f4 Bc6 29. g4 Bb5 30. Bxb5 Kxb5 31. f5 c5 32. h4 Kc6 33. h5 b5 34.
Kd3 Kb6 35. g5 g6 36. h6 Kc6 37. f6 Kb6 38. Ke3 c4 39. Kd4 c3 40. Kd3 Kc5 41.
Ke3 c2 42. Kd2 Kd4 43. Kxc2 Kxe4 44. Kb2 Kxe5 45. a4 bxa3+ 46. Kxa3 Kd4 0-1

[Event "Zalakarosi Sakkfesztivál open"]
[Site "Zalakaros"]
[Date "2018.05.27"]
[Round "3.36"]
[White "Verciuc, Nicolae"]
[Black "Piroska, Istvan"]
[Result "1/2-1/2"]
[WhiteElo "1862"]
[BlackElo "2159"]
[PlyCount "51"]
[EventDate "2018.05.25"]
[EventType "swiss"]
[EventRounds "9"]
[EventCountry "HUN"]

1. d4 d5 2. Nf3 Nf6 3. Bf4 e6 4. e3 c5 5. c3 Nc6 6. Bd3 Be7 7. h3 O-O 8. O-O c4
9. Bc2 b5 10. a3 a5 11. Nbd2 Bb7 12. Re1 b4 13. e4 dxe4 14. Nxe4 Nd5 15. Bd2
bxc3 16. bxc3 Qc7 17. g3 h6 18. Qe2 Nd8 19. Ne5 f5 20. Rab1 fxe4 21. Rxb7 Qxb7
22. Qxe4 Nf6 23. Qg6 Bd6 24. Ng4 Nxg4 25. Qh7+ Kf7 26. Qg6+ 1/2-1/2

[Event "Zalakarosi Sakkfesztivál open"]
[Site "Zalakaros"]
[Date "2018.05.27"]
[Round "3.37"]
[White "Kovacs, Judit"]
[Black "Smirnov, Mark A."]
[Result "0-1"]
[WhiteElo "2127"]
[BlackElo "1914"]
[PlyCount "54"]
[EventDate "2018.05.25"]
[EventType "swiss"]
[EventRounds "9"]
[EventCountry "HUN"]

1. d4 Nf6 2. Nf3 e6 3. e3 b6 4. Bd3 Bb7 5. O-O Be7 6. c4 Ne4 7. Nc3 Nxc3 8.
bxc3 f5 9. d5 O-O 10. e4 fxe4 11. Bxe4 Bf6 12. Qc2 h6 13. dxe6 Bxe4 14. Qxe4
Na6 15. Nd4 Nc5 16. Qg4 Nxe6 17. Nxe6 dxe6 18. Bxh6 Bxc3 19. Qxe6+ Rf7 20. Rad1
Qf6 21. Qe4 Raf8 22. Bc1 Qf5 23. Qe3 Bb4 24. Rd5 Qc2 25. Rh5 Rxf2 26. Qe6+ R8f7
27. Qe8+ Bf8 0-1

[Event "Zalakarosi Sakkfesztivál open"]
[Site "Zalakaros"]
[Date "2018.05.27"]
[Round "3.38"]
[White "Balogh, Marton"]
[Black "Tatarintsev, Egor"]
[Result "1/2-1/2"]
[WhiteElo "1858"]
[BlackElo "2125"]
[PlyCount "73"]
[EventDate "2018.05.25"]
[EventType "swiss"]
[EventRounds "9"]
[EventCountry "HUN"]

1. d4 e6 2. Nf3 Nf6 3. c3 b6 4. Bf4 Bb7 5. e3 Ne4 6. Nbd2 Nxd2 7. Qxd2 f5 8.
Be2 Be7 9. h4 Bd5 10. Bg5 d6 11. c4 Bb7 12. d5 e5 13. Bxe7 Qxe7 14. Ng5 Nd7 15.
Ne6 Nf8 16. Nxf8 Rxf8 17. g4 f4 18. e4 f3 19. Bd3 Rf4 20. g5 O-O-O 21. O-O-O h6
22. a4 Rh8 23. a5 hxg5 24. hxg5 Rxh1 25. Rxh1 Qxg5 26. Rh8+ Kd7 27. c5 dxc5 28.
a6 Bxa6 29. Bxa6 Qg1+ 30. Kc2 Rxe4 31. Bb5+ Ke7 32. d6+ cxd6 33. Re8+ Kf6 34.
Qxd6+ Kg5 35. Qe7+ Kg6 36. Qe6+ Kg5 37. Qe7+ 1/2-1/2

[Event "Zalakarosi Sakkfesztivál open"]
[Site "Zalakaros"]
[Date "2018.05.27"]
[Round "3.39"]
[White "Bereczki, Janos"]
[Black "Tran, David"]
[Result "1/2-1/2"]
[WhiteElo "2099"]
[BlackElo "1892"]
[PlyCount "72"]
[EventDate "2018.05.25"]
[EventType "swiss"]
[EventRounds "9"]
[EventCountry "HUN"]

1. d4 Nf6 2. c4 g6 3. g3 Bg7 4. Bg2 O-O 5. Nc3 d6 6. Nf3 Nbd7 7. O-O e5 8. d5
a5 9. Qc2 Nc5 10. e4 Nfd7 11. Rb1 f5 12. Bg5 Nf6 13. Nh4 f4 14. Nf3 h6 15. Bxf6
Qxf6 16. Ne1 g5 17. Nd3 Nxd3 18. Qxd3 f3 19. Bh1 h5 20. Nb5 Rf7 21. c5 dxc5 22.
d6 cxd6 23. Nxd6 Rd7 24. Qb3+ Kh7 25. Nxc8 Rxc8 26. Bxf3 g4 27. Be2 b6 28. Rbd1
Rcd8 29. Rd5 Rxd5 30. exd5 e4 31. Qc4 Qd4 32. Rd1 Qxc4 33. Bxc4 Bxb2 34. Re1 b5
35. Bxb5 Rxd5 36. Rxe4 Rd2 1/2-1/2

[Event "Zalakarosi Sakkfesztivál open"]
[Site "Zalakaros"]
[Date "2018.05.27"]
[Round "3.40"]
[White "Klement, Dubravko"]
[Black "Csala, Imre"]
[Result "1/2-1/2"]
[WhiteElo "1824"]
[BlackElo "2093"]
[PlyCount "111"]
[EventDate "2018.05.25"]
[EventType "swiss"]
[EventRounds "9"]
[EventCountry "HUN"]

1. d4 d5 2. Nf3 Bf5 3. Nbd2 e6 4. e3 Nf6 5. Bd3 Bg6 6. Ne5 Nbd7 7. Ndf3 Bh5 8.
Be2 c5 9. c3 Bxf3 10. Nxd7 Qxd7 11. Bxf3 Bd6 12. Qe2 O-O 13. O-O Rac8 14. e4
dxe4 15. Bxe4 cxd4 16. cxd4 Nxe4 17. Qxe4 Rc4 18. Rd1 Qc7 19. g3 Rc2 20. Rb1
Rc8 21. Bd2 Qc6 22. Qxc6 R8xc6 23. Bc3 b5 24. a3 Rc4 25. d5 e5 26. Rbc1 Rxc1
27. Rxc1 Kf8 28. Kf1 Ke7 29. Re1 f6 30. f4 e4 31. Rc1 Kd7 32. Ke2 a5 33. Ra1
Bc7 34. Rd1 Bb6 35. f5 b4 36. axb4 axb4 37. Be1 Rc2+ 38. Rd2 b3 39. Rxc2 bxc2
40. Bd2 Bd4 41. Bc1 e3 42. Kd3 Kd6 43. Kxc2 Kxd5 44. Kd3 Ke5 45. b4 e2 46. Kxe2
Kxf5 47. Kd3 Ke5 48. Kc4 g5 49. g4 h6 50. h3 Ke4 51. b5 Bb6 52. Bb2 f5 53. gxf5
Kxf5 54. Bd4 Ba5 55. b6 Bxb6 56. Bxb6 1/2-1/2

[Event "Zalakarosi Sakkfesztivál open"]
[Site "Zalakaros"]
[Date "2018.05.28"]
[Round "4.1"]
[White "Ostovic, Matija"]
[Black "Nemeth, Miklos"]
[Result "1/2-1/2"]
[WhiteElo "2352"]
[BlackElo "2491"]
[PlyCount "39"]
[EventDate "2018.05.25"]
[EventType "swiss"]
[EventRounds "9"]
[EventCountry "HUN"]

1. d4 Nf6 2. c4 e6 3. Nf3 b6 4. e3 Bb7 5. Bd3 d5 6. O-O Nbd7 7. b3 Be7 8. Bb2
O-O 9. cxd5 exd5 10. Nc3 Ne4 11. Rc1 f5 12. Ne2 Bd6 13. Ne5 Qe7 14. Qc2 g6 15.
Bb5 Nb8 16. Nc6 Qf7 17. Ne5 Qe7 18. Nc6 Qf7 19. Ne5 Qe7 20. Nc6 1/2-1/2

[Event "Zalakarosi Sakkfesztivál open"]
[Site "Zalakaros"]
[Date "2018.05.28"]
[Round "4.2"]
[White "Horvath, Adam"]
[Black "Marosi, Levente"]
[Result "1-0"]
[WhiteElo "2481"]
[BlackElo "2277"]
[PlyCount "63"]
[EventDate "2018.05.25"]
[EventType "swiss"]
[EventRounds "9"]
[EventCountry "HUN"]

1. e4 c6 2. d4 d5 3. Nc3 dxe4 4. Nxe4 Bf5 5. Ng3 Bg6 6. Nh3 e6 7. Nf4 Bd6 8. c3
Nf6 9. h4 Qc7 10. Qf3 Nbd7 11. h5 Bc2 12. h6 gxh6 13. Ngh5 O-O-O 14. Nxf6 Nxf6
15. Bd3 Bxd3 16. Nxd3 Nd5 17. Bd2 Nb6 18. Rxh6 Nc4 19. Bg5 Rd7 20. Bf6 Re8 21.
O-O-O Qa5 22. Kb1 Qb5 23. Ka1 e5 24. b3 e4 25. bxc4 Qa5 26. Qe2 Re6 27. Nb2 Bf8
28. Rh5 Qxc3 29. Rh3 Qa5 30. Be5 f6 31. Bf4 Ba3 32. Rb3 1-0

[Event "Zalakarosi Sakkfesztivál open"]
[Site "Zalakaros"]
[Date "2018.05.28"]
[Round "4.3"]
[White "Li, Bo"]
[Black "Astaneh Lopez, Alex"]
[Result "1/2-1/2"]
[WhiteElo "2319"]
[BlackElo "2446"]
[PlyCount "158"]
[EventDate "2018.05.25"]
[EventType "swiss"]
[EventRounds "9"]
[EventCountry "HUN"]

1. d4 Nf6 2. c4 e6 3. g3 d5 4. Nf3 Bb4+ 5. Bd2 Bd6 6. Bg2 O-O 7. O-O c6 8. Qb3
b6 9. Nc3 Ba6 10. cxd5 exd5 11. Bg5 Nbd7 12. Rfe1 h6 13. Bxf6 Nxf6 14. e4 Nxe4
15. Nxe4 dxe4 16. Ne5 Qc7 17. Bxe4 Bb7 18. Qf3 Bxe5 19. Qf5 g6 20. Qxe5 Qd7 21.
Qf6 Rad8 22. Rad1 Qd6 23. Qxd6 Rxd6 24. Bf3 Rd7 25. Bg4 Rc7 26. Rc1 Rd8 27.
Red1 Re7 28. Bf3 Rd6 29. h4 Kf8 30. b4 Red7 31. Rc3 Rxd4 32. Rxd4 Rxd4 33. b5
Bc8 34. Bxc6 Ra4 35. Bd5 Bd7 36. Rc7 Be6 37. Bxe6 fxe6 38. h5 gxh5 39. Rh7 Rxa2
40. Rxh6 Ra5 41. Rxh5 a6 42. Kf1 Kg7 43. Ke2 Ra2+ 44. Kd3 a5 45. Rg5+ Kf6 46.
f4 Ra1 47. Kc2 Ra2+ 48. Kc3 Ra3+ 49. Kc2 Ke7 50. Rg6 Rf3 51. Rg8 Kd7 52. Kb2
Rd3 53. Rb8 Kc7 54. Re8 Rxg3 55. Rxe6 Rd3 56. Rc6+ Kb7 57. Rg6 Rd4 58. Rg7+ Kc8
59. f5 Rf4 60. Rg6 Kc7 61. Rc6+ Kb7 62. f6 Rf5 63. Kc3 Rxb5 64. Re6 Rf5 65. Kd4
a4 66. Ke4 Rf1 67. Rd6 Ka6 68. Ke5 Ka5 69. Ke6 b5 70. f7 a3 71. Rd8 Rxf7 72.
Kxf7 b4 73. Rb8 Ka4 74. Ke6 Kb3 75. Kd5 Kc3 76. Ra8 Kb2 77. Kc4 a2 78. Kxb4
a1=Q 79. Rxa1 Kxa1 1/2-1/2

[Event "Zalakarosi Sakkfesztivál open"]
[Site "Zalakaros"]
[Date "2018.05.28"]
[Round "4.5"]
[White "Vanczak, Tamas"]
[Black "Aczel, Gergely"]
[Result "1/2-1/2"]
[WhiteElo "2303"]
[BlackElo "2567"]
[PlyCount "119"]
[EventDate "2018.05.25"]
[EventType "swiss"]
[EventRounds "9"]
[EventCountry "HUN"]

1. e4 c5 2. Nf3 d6 3. d4 cxd4 4. Nxd4 Nf6 5. Nc3 e6 6. Bc4 Be7 7. Qe2 O-O 8.
Be3 d5 9. exd5 exd5 10. Bb3 Bb4 11. O-O Re8 12. Qd3 Bxc3 13. Qxc3 Ne4 14. Qd3
Nc5 15. Qc3 Ne4 16. Qd3 Nc5 17. Qc3 Nxb3 18. Qxb3 Nc6 19. Qc3 Qf6 20. Qc5 Be6
21. Nxc6 bxc6 22. Bd4 Qg6 23. Qxc6 Rec8 24. Qd6 Rxc2 25. Qg3 Rac8 26. Qxg6 hxg6
27. Bc3 f6 28. Rad1 a6 29. Rfe1 Kf7 30. Rd4 g5 31. h3 Rc6 32. Rb4 Rd6 33. a3
Rd7 34. f3 Bf5 35. Rd4 Bh7 36. Red1 Ke6 37. Re1+ Kd6 38. Re8 Kc6 39. Re6+ Rd6
40. Re7 Bf5 41. Ra4 Bc8 42. Rb4 Re6 43. Ra7 d4 44. Rxd4 Kb6 45. Rxg7 Ree2 46.
Rb4+ Kc5 47. Rc7+ Kd6 48. Rxc8 Rxg2+ 49. Kf1 Rh2 50. Be5+ Kxe5 51. Rxc2 Rxc2
52. Kg1 a5 53. Re4+ Kf5 54. b4 Rc3 55. Kf2 a4 56. b5 Rxa3 57. b6 Ra2+ 58. Kg3
a3 59. Ra4 Rb2 60. Rxa3 1/2-1/2

[Event "Zalakarosi Sakkfesztivál open"]
[Site "Zalakaros"]
[Date "2018.05.28"]
[Round "4.6"]
[White "Galyas, Miklos"]
[Black "Radovanovic, Jovica"]
[Result "1-0"]
[WhiteElo "2508"]
[BlackElo "2311"]
[PlyCount "87"]
[EventDate "2018.05.25"]
[EventType "swiss"]
[EventRounds "9"]
[EventCountry "HUN"]

1. Nf3 d5 2. c4 d4 3. b4 a5 4. b5 g6 5. g3 Bg7 6. d3 e5 7. a4 Ne7 8. Bg2 O-O 9.
O-O Nf5 10. Ba3 Re8 11. Nbd2 Nd7 12. Ne4 Nb6 13. Nfd2 Ra7 14. Rc1 h5 15. c5 Nd5
16. Nc4 b6 17. cxb6 cxb6 18. Ncd6 Nxd6 19. Nxd6 Nc3 20. Rxc3 dxc3 21. Nxe8 Qxe8
22. Qc2 e4 23. dxe4 Rd7 24. Bc1 Bb7 25. Be3 Qe6 26. f4 Qc4 27. e5 Bxg2 28. Kxg2
Bf8 29. f5 Bc5 30. e6 fxe6 31. fxe6 Qxe6 32. Bxc5 bxc5 33. Qxc3 Qxe2+ 34. Rf2
Qe4+ 35. Qf3 Qxf3+ 36. Kxf3 Kf7 37. Rc2 Rd3+ 38. Ke4 Rd4+ 39. Ke5 Rxa4 40. Rb2
Rd4 41. b6 Rd8 42. b7 Rb8 43. Kd6 Rd8+ 44. Kxc5 1-0

[Event "Zalakarosi Sakkfesztivál open"]
[Site "Zalakaros"]
[Date "2018.05.28"]
[Round "4.7"]
[White "Borsos, Bogdan"]
[Black "Bokros, Albert"]
[Result "0-1"]
[WhiteElo "2277"]
[BlackElo "2480"]
[PlyCount "78"]
[EventDate "2018.05.25"]
[EventType "swiss"]
[EventRounds "9"]
[EventCountry "HUN"]

1. Nf3 Nf6 2. c4 c5 3. g3 Nc6 4. Bg2 d5 5. cxd5 Nxd5 6. O-O e5 7. Nc3 Nc7 8. a3
Be7 9. b4 f6 10. bxc5 Bxc5 11. Qc2 O-O 12. Bb2 Be6 13. Na4 Be7 14. Nc5 Bxc5 15.
Qxc5 Rc8 16. a4 Nd5 17. Qa3 Ndb4 18. Ne1 a5 19. Qe3 Qd7 20. f4 Nd4 21. Qf2 Nb3
22. Rd1 exf4 23. Qxf4 Nc5 24. Nf3 Nxa4 25. Ba1 Rc4 26. d4 Nd5 27. Qd2 Ndc3 28.
Rc1 Rfc8 29. Rce1 Bd5 30. Qf4 Re8 31. Qd2 b5 32. h4 b4 33. Kh2 Ne4 34. Qf4 b3
35. Bh3 Be6 36. Bg2 Bd5 37. Nd2 Nxd2 38. Bh3 Nxf1+ 39. Rxf1 Rxe2+ 0-1

[Event "Zalakarosi Sakkfesztivál open"]
[Site "Zalakaros"]
[Date "2018.05.28"]
[Round "4.8"]
[White "Chernyshov, Konstantin"]
[Black "Peczely, Sebastian Zsombor"]
[Result "1-0"]
[WhiteElo "2478"]
[BlackElo "2244"]
[PlyCount "103"]
[EventDate "2018.05.25"]
[EventType "swiss"]
[EventRounds "9"]
[EventCountry "HUN"]

1. c4 c5 2. Nc3 Nc6 3. g3 e6 4. Bg2 Nge7 5. Nf3 d6 6. O-O a6 7. d4 cxd4 8. Nxd4
Nxd4 9. Qxd4 Nc6 10. Qd2 Be7 11. b3 O-O 12. Bb2 Rb8 13. Rfd1 Qd7 14. Rac1 Rd8
15. Qe3 b6 16. Rd2 Na5 17. Rcd1 Qc7 18. Ne4 Bb7 19. Qd4 Bf8 20. Nf6+ Kh8 21.
Qh4 h6 22. Qxh6+ gxh6 23. Ne8+ Kg8 24. Nxc7 Rdc8 25. Bxb7 Rxb7 26. Nxa6 Ra7 27.
Nb4 d5 28. Nxd5 exd5 29. Rxd5 Rc5 30. Rd7 Rxd7 31. Rxd7 Rc6 32. Bd4 Re6 33. Kf1
Bc5 34. Rd8+ Kh7 35. Bc3 Nc6 36. Rh8+ Kg6 37. Rg8+ Kf5 38. Rg7 Re7 39. g4+ Ke4
40. Rh7 Ne5 41. Rxh6 Ng6 42. Rh5 Ra7 43. a4 Rd7 44. Ke1 f6 45. b4 Be7 46. f3+
Ke3 47. Rd5 Rxd5 48. cxd5 b5 49. a5 f5 50. a6 f4 51. a7 Bf6 52. Bd2+ 1-0

[Event "Zalakarosi Sakkfesztivál open"]
[Site "Zalakaros"]
[Date "2018.05.28"]
[Round "4.11"]
[White "Tompa, Janos"]
[Black "Ianov, Viktor"]
[Result "1/2-1/2"]
[WhiteElo "2372"]
[BlackElo "2285"]
[PlyCount "87"]
[EventDate "2018.05.25"]
[EventType "swiss"]
[EventRounds "9"]
[EventCountry "HUN"]

1. Nf3 d6 2. d4 Bg4 3. b3 g6 4. Bb2 Bg7 5. e3 c5 6. Be2 Nc6 7. O-O Nh6 8. Nbd2
O-O 9. h3 Bd7 10. Rb1 cxd4 11. exd4 d5 12. c3 Nf5 13. Bd3 Re8 14. Re1 Rc8 15.
Ne5 Nd6 16. Nxd7 Qxd7 17. Nf3 e6 18. Ne5 Nxe5 19. dxe5 Nb5 20. c4 Nc7 21. Qf3
Red8 22. Rbd1 Qe7 23. cxd5 Nxd5 24. Be4 Qb4 25. Re2 Qa5 26. a3 Nf4 27. Rxd8+
Qxd8 28. Rc2 Rxc2 29. Bxc2 Qd2 30. Qd1 Qxd1+ 31. Bxd1 Nd3 32. Bd4 b6 33. Be2
Bxe5 34. Bxd3 Bxd4 35. g4 h6 36. Kg2 Kg7 37. f4 f5 38. Bb5 Kf6 39. Kf3 Bb2 40.
a4 Bc1 41. Be8 g5 42. fxg5+ hxg5 43. gxf5 exf5 44. Bd7 1/2-1/2

[Event "Zalakarosi Sakkfesztivál open"]
[Site "Zalakaros"]
[Date "2018.05.28"]
[Round "4.13"]
[White "Boguszlavszkij, Jevgenyij"]
[Black "Chakravarthi Reddy, M."]
[Result "1/2-1/2"]
[WhiteElo "2173"]
[BlackElo "2443"]
[PlyCount "101"]
[EventDate "2018.05.25"]
[EventType "swiss"]
[EventRounds "9"]
[EventCountry "HUN"]

1. e4 e6 2. d3 d5 3. Nd2 c5 4. Ngf3 Nf6 5. g3 g6 6. Bg2 Bg7 7. O-O O-O 8. Re1
Nc6 9. Qe2 Re8 10. Nf1 h6 11. h4 e5 12. exd5 Nxd5 13. Ne3 Nf4 14. gxf4 exf4 15.
Qf1 fxe3 16. Bxe3 Bg4 17. Nh2 Bh5 18. Bxc5 Qxh4 19. Bd6 Nd4 20. Bxb7 Rad8 21.
Rxe8+ Rxe8 22. Re1 Ne2+ 23. Kh1 Bxb2 24. Be4 f5 25. Bc6 Rd8 26. Bc7 Rc8 27.
Bd5+ Kg7 28. f3 Rxc7 29. Qxe2 Rxc2 30. Qxc2 Qxe1+ 31. Kg2 Be5 32. Nf1 Qc3 33.
Qxc3 Bxc3 34. Ng3 Kf6 35. Nxh5+ gxh5 36. f4 Bd2 37. Kg3 h4+ 38. Kf3 h3 39. Kg3
h2 40. Bb7 h5 41. Kxh2 Bxf4+ 42. Kh3 Be3 43. a4 a5 44. Kg3 Kg5 45. Bg2 f4+ 46.
Kf3 Kf5 47. Bh3+ Ke5 48. Bd7 Kd4 49. Bf5 Kc3 50. Be4 Kd4 51. Bg6 1/2-1/2

[Event "Zalakarosi Sakkfesztivál open"]
[Site "Zalakaros"]
[Date "2018.05.28"]
[Round "4.21"]
[White "Kernazhitsky, Leonid"]
[Black "Vukovic, Ivo"]
[Result "1-0"]
[WhiteElo "2250"]
[BlackElo "2031"]
[PlyCount "67"]
[EventDate "2018.05.25"]
[EventType "swiss"]
[EventRounds "9"]
[EventCountry "HUN"]

1. e4 e5 2. Nf3 Nc6 3. d4 exd4 4. Nxd4 d6 5. Nc3 Nf6 6. g3 Bd7 7. Bg2 Be7 8.
O-O O-O 9. Nf5 Bxf5 10. exf5 Re8 11. g4 h6 12. h3 Rb8 13. Be3 a6 14. b3 Nh7 15.
Nd5 Bf8 16. Qd2 Ne7 17. Nf4 c6 18. c4 Nc8 19. Rad1 Qc7 20. Nh5 Qd8 21. Bf4 Ra8
22. Qb2 Nf6 23. Ng3 Be7 24. Rd3 Qb6 25. Rfd1 a5 26. Bf3 Qa6 27. Qc3 Kf8 28. Kg2
Kg8 29. h4 Nh7 30. Nh5 f6 31. g5 hxg5 32. hxg5 Qb6 33. g6 Nf8 34. Rh1 1-0

[Event "Zalakarosi Sakkfesztivál open"]
[Site "Zalakaros"]
[Date "2018.05.28"]
[Round "4.22"]
[White "Szalanczy, Emil"]
[Black "Diller, Denis"]
[Result "1-0"]
[WhiteElo "2233"]
[BlackElo "2008"]
[PlyCount "81"]
[EventDate "2018.05.25"]
[EventType "swiss"]
[EventRounds "9"]
[EventCountry "HUN"]

1. e4 c5 2. Nf3 Nc6 3. d4 cxd4 4. Nxd4 g6 5. Nc3 Bg7 6. Be3 Nf6 7. Bc4 O-O 8.
Bb3 Ng4 9. Qxg4 Nxd4 10. Qh4 Nxb3 11. axb3 d6 12. O-O a6 13. Nd5 f6 14. Bb6 Qd7
15. Bd4 Qd8 16. c4 Be6 17. Rfe1 Bf7 18. Re3 e5 19. Bb6 Qd7 20. Rd1 Bxd5 21.
Rxd5 Qc6 22. Ba5 b6 23. Bb4 Rfd8 24. Rh3 h6 25. Rhd3 b5 26. c5 Qc7 27. cxd6
Qc1+ 28. Rd1 Qxb2 29. Qh3 a5 30. R5d2 Qxd2 31. Qe6+ Kh7 32. Bxd2 a4 33. Bb4 a3
34. h4 a2 35. Ra1 f5 36. h5 fxe4 37. hxg6+ Kh8 38. Bc5 Re8 39. Qd5 e3 40. fxe3
b4 41. d7 1-0

[Event "Zalakarosi Sakkfesztivál open"]
[Site "Zalakaros"]
[Date "2018.05.28"]
[Round "4.23"]
[White "Jamrich, Gyorgy"]
[Black "Draganic, Stjepan"]
[Result "1-0"]
[WhiteElo "2213"]
[BlackElo "2006"]
[PlyCount "129"]
[EventDate "2018.05.25"]
[EventType "swiss"]
[EventRounds "9"]
[EventCountry "HUN"]

1. e4 c6 2. d4 d5 3. e5 Bf5 4. h4 h5 5. c4 e6 6. Nc3 dxc4 7. Bxc4 Nd7 8. Nge2
Nb6 9. Bb3 Be7 10. g3 Bg4 11. Qd3 Bf5 12. Qe3 Bb4 13. O-O Ne7 14. f3 Ned5 15.
Qf2 Be7 16. Ne4 a5 17. a3 Nd7 18. Bg5 f6 19. exf6 gxf6 20. Bf4 a4 21. Bxd5 cxd5
22. Nd6+ Bxd6 23. Bxd6 Qb6 24. Bb4 Bd3 25. Rfe1 Bxe2 26. Rxe2 Kf7 27. Kh2 Rae8
28. Rc1 Rc8 29. Rxc8 Rxc8 30. Qe3 Qa6 31. Rf2 f5 32. Kg2 Nf6 33. Re2 Rc6 34.
Kf2 Qb6 35. Bc5 Qc7 36. Qh6 Qc8 37. Qd2 b6 38. Bb4 Qd7 39. Qd1 Rc8 40. Rc2 Rc4
41. Qd3 Qb5 42. Bc3 Qc6 43. Re2 Qc8 44. Bd2 Rc2 45. Bf4 Rxe2+ 46. Kxe2 Qc6 47.
Kd2 Ne8 48. Qc3 Qb5 49. Be5 Nf6 50. Ke3 Nd7 51. Bd6 Qc4 52. Qxc4 dxc4 53. Kd2
e5 54. dxe5 Ke6 55. f4 b5 56. Kc3 Nb6 57. Kb4 Nd5+ 58. Kxb5 c3 59. bxc3 Nxc3+
60. Kb4 Ne4 61. Kxa4 Nxg3 62. Kb4 Ne2 63. a4 Nxf4 64. a5 Nd5+ 65. Kc5 1-0

[Event "Zalakarosi Sakkfesztivál open"]
[Site "Zalakaros"]
[Date "2018.05.28"]
[Round "4.24"]
[White "Vinkovics, Sandor"]
[Black "Suta, Andraz"]
[Result "0-1"]
[WhiteElo "2054"]
[BlackElo "2212"]
[PlyCount "70"]
[EventDate "2018.05.25"]
[EventType "swiss"]
[EventRounds "9"]
[EventCountry "HUN"]

1. d4 Nf6 2. Nf3 e6 3. c4 d5 4. e3 Be7 5. Nc3 a6 6. Bd3 dxc4 7. Bxc4 b5 8. Bd3
Bb7 9. O-O O-O 10. Re1 c5 11. dxc5 Bxc5 12. h3 Nbd7 13. e4 e5 14. Bg5 Qb6 15.
Qe2 Rfe8 16. a4 b4 17. a5 Bxf2+ 18. Kf1 Qa7 19. Qxf2 Qxf2+ 20. Kxf2 bxc3 21. b4
h6 22. Bxf6 Nxf6 23. g4 Rac8 24. Ke3 c2 25. Rac1 Rc3 26. Rxc2 Nxe4 27. Nxe5
Rxe5 28. Rxc3 Nxc3+ 29. Kd2 Rxe1 30. Kxe1 Nb5 31. Kf2 Kf8 32. Ke3 Ke7 33. h4
Kd6 34. Kf4 Nc7 35. g5 Nd5+ 0-1

[Event "Zalakarosi Sakkfesztivál open"]
[Site "Zalakaros"]
[Date "2018.05.28"]
[Round "4.25"]
[White "Bai, Adelard"]
[Black "Kincs, Imre"]
[Result "1/2-1/2"]
[WhiteElo "2042"]
[BlackElo "2210"]
[PlyCount "51"]
[EventDate "2018.05.25"]
[EventType "swiss"]
[EventRounds "9"]
[EventCountry "HUN"]

1. d4 Nf6 2. c4 g6 3. f3 c5 4. d5 d6 5. Nc3 Bg7 6. e4 O-O 7. Be3 a6 8. Qd2 Bd7
9. Nge2 b5 10. Nf4 b4 11. Nd1 Qc7 12. Nf2 a5 13. h4 a4 14. Rc1 Qa5 15. h5 b3
16. Qxa5 Rxa5 17. h6 Bh8 18. axb3 axb3 19. Bd2 Ra2 20. N4d3 Nh5 21. Bc3 Ng3 22.
Rg1 Na6 23. Nh1 Nxh1 24. Rxh1 Bd4 25. Kd2 e5 26. Be2 1/2-1/2

[Event "Zalakarosi Sakkfesztivál open"]
[Site "Zalakaros"]
[Date "2018.05.28"]
[Round "4.26"]
[White "Czupor, Attila"]
[Black "Takac, Zvonko"]
[Result "1-0"]
[WhiteElo "2209"]
[BlackElo "1977"]
[PlyCount "78"]
[EventDate "2018.05.25"]
[EventType "swiss"]
[EventRounds "9"]
[EventCountry "HUN"]

1. e4 c5 2. Nf3 d6 3. d4 cxd4 4. Nxd4 Nf6 5. Nc3 a6 6. Be3 e5 7. Nb3 Be6 8. f3
Be7 9. Qd2 Nbd7 10. Nd5 Bxd5 11. exd5 Rc8 12. c4 O-O 13. Na5 Qc7 14. Be2 Ne8
15. O-O f5 16. f4 e4 17. b4 Bd8 18. Rfc1 Qb8 19. Nb3 Nef6 20. Nd4 g6 21. Ne6
Re8 22. c5 Be7 23. c6 Nf8 24. Nxf8 Kxf8 25. a4 Bd8 26. cxb7 Rxc1+ 27. Rxc1 Qxb7
28. Rc6 a5 29. b5 Ke7 30. b6 Qa8 31. Qb2 Qb8 32. Qb5 Kf8 33. Qxa5 Re7 34. Qb5
Rb7 35. a5 Nd7 36. Qc4 Nxb6 37. axb6 Rxb6 38. Bxb6 Bxb6+ 39. Kh1 Qa7 1-0

[Event "Zalakarosi Sakkfesztivál open"]
[Site "Zalakaros"]
[Date "2018.05.28"]
[Round "4.27"]
[White "Smirnov, Mark A."]
[Black "Karacsonyi, Gellert"]
[Result "0-1"]
[WhiteElo "1914"]
[BlackElo "2208"]
[PlyCount "156"]
[EventDate "2018.05.25"]
[EventType "swiss"]
[EventRounds "9"]
[EventCountry "HUN"]

1. d4 Nf6 2. c4 e6 3. Nf3 d5 4. Bg5 Be7 5. Nc3 h6 6. Bh4 Nbd7 7. e3 O-O 8. cxd5
exd5 9. Bd3 Re8 10. O-O Nf8 11. Qc2 c6 12. Rae1 Be6 13. Nd2 Qd7 14. f3 a6 15.
Na4 Qd8 16. Nc5 Rb8 17. Ndb3 N6d7 18. Bg3 Nxc5 19. dxc5 Rc8 20. Nd4 Bh4 21.
Bxh4 Qxh4 22. f4 Bg4 23. h3 Bd7 24. Bf5 Qf6 25. b4 Ra8 26. Bxd7 Nxd7 27. Qf5
Qxf5 28. Nxf5 Re4 29. a3 Re6 30. Kf2 a5 31. Ra1 Nf6 32. Nd6 Ne4+ 33. Nxe4 Rxe4
34. Rab1 axb4 35. axb4 Ra2+ 36. Kf3 Ra3 37. Rfe1 f5 38. b5 Rc3 39. bxc6 bxc6
40. Rbc1 Rexe3+ 41. Rxe3 Rxc1 42. Re5 Rc3+ 43. Ke2 Rxc5 44. Rxf5 Rc2+ 45. Kf3
d4 46. Ke4 c5 47. h4 Re2+ 48. Kd5 d3 49. Kxc5 d2 50. Rd5 Rxg2 51. h5 Kf7 52.
Kc4 Ke6 53. Re5+ Kf6 54. Rd5 Rf2 55. Kc3 Rxf4 56. Rxd2 Rf5 57. Rh2 Rd5 58. Kc4
Rd8 59. Rg2 Rd1 60. Rg6+ Kf7 61. Rg2 Rd7 62. Rg6 Kg8 63. Rg1 Kh7 64. Rg2 Rd6
65. Kc5 Rd1 66. Re2 Rh1 67. Re5 g5 68. hxg6+ Kxg6 69. Kd4 Rd1+ 70. Kc3 h5 71.
Kc2 Rd6 72. Ra5 h4 73. Re5 Rd8 74. Rb5 h3 75. Rb3 Rh8 76. Rb1 Kg5 77. Kd2 Kg4
78. Ke2 Kg3 0-1